|
|
|
|
| LEADER |
00944cam a2200265 a 4500 |
| 001 |
c000280938 |
| 003 |
CARM |
| 005 |
20080226112239.0 |
| 008 |
900423s1990 nyu b 001 0 eng d |
| 010 |
|
|
|a 90147534
|
| 019 |
1 |
|
|a 7331342
|5 LACONCORD2021
|
| 020 |
|
|
|a 1555700454
|
| 035 |
|
|
|a (OCoLC)21130896
|5 LACONCORD2021
|
| 040 |
|
|
|a DLC
|b eng
|c DLC
|d LC
|d VCAV
|
| 050 |
0 |
0 |
|a BR149
|b .G66 1990
|
| 082 |
0 |
4 |
|a 270.0202
|2 20
|
| 100 |
1 |
|
|a Gross, Ernie.
|
| 245 |
1 |
0 |
|a This day in religion /
|c by Ernie Gross.
|
| 260 |
|
|
|a New York :
|b Neal-Schuman Publishers,
|c c1990.
|
| 300 |
|
|
|a v, 294 p. ;
|c 29 cm.
|
| 504 |
|
|
|a Includes bibliographical references (p. 253) and index.
|
| 650 |
|
0 |
|a Church history
|x Chronology.
|
| 852 |
8 |
|
|b CARM
|h A1:AR31C0
|i F03455
|p 0463753
|f BK
|
| 999 |
f |
f |
|i 5de30744-43ad-5c3d-bb60-2a9307e59acc
|s 39797475-11a4-5be8-86ad-20a663d45e00
|
| 952 |
f |
f |
|p Can circulate
|a CAVAL
|b CAVAL
|c CAVAL
|d CARM 1 Store
|e F03455
|f A1:AR31C0
|h Other scheme
|i book
|m 0463753
|